Survey (Record no. 81957)

MARC details
000 -LEADER
fixed length control field 01063cab a22001935a 4500
001 - CONTROL NUMBER
control field L148783
008 - FIXED-LENGTH DATA ELEMENTS--GENERAL INFORMATION
fixed length control field 091109s2009 xxk df 000 0 eng d
035 ## - SYSTEM CONTROL NUMBER
System control number (Sirsi) u148783
041 0# - LANGUAGE CODE
Language code of text/sound track or separate title eng
110 2# - MAIN ENTRY--CORPORATE NAME
Corporate name or jurisdiction name as entry element Asia Property
9 (RLIN) 5589
245 00 - TITLE STATEMENT
Title Survey
Remainder of title residential
260 ## - PUBLICATION, DISTRIBUTION, ETC.
Date of publication, distribution, etc. 2009
490 ## - SERIES STATEMENT
Series statement Asia Property
Volume/sequential designation October 2009, 19-25(7)
520 ## - SUMMARY, ETC.
Summary, etc. Long-term demand for housing fuelled by explosive population growth makes it a promising investment market, especially in China, Hong Kong and Singapore. Chinese government is set to cool down the overheating Chinese urban housing markets. Foreign, in particular Chinese, buyers are buoying up the luxury housing markets in Singapore and Hong Kong. Demand from the domestic middle class is sustaining Vietnam?s residential market as foreign buyers lose their appetite. Opportunities are growing for developers in Japan and Australia?s retirement living sector. Graphs and tables.
590 ## - LOCAL NOTE (RLIN)
Local note KA
651 #4 - SUBJECT ADDED ENTRY--GEOGRAPHIC NAME
Geographic name Asia Pacific
690 ## - LOCAL SUBJECT ADDED ENTRY--TOPICAL TERM (OCLC, RLIN)
Topical term or geographic name as entry element PROPERTY-RESIDENTIAL PROPERTY-RESIDENTIAL PROPERTY MARKET
942 ## - ADDED ENTRY ELEMENTS (KOHA)
Suppress in OPAC 0
Holdings
Withdrawn status Lost status Source of classification or shelving scheme Damaged status Not for loan Home library Current library Shelving location Date acquired Total Checkouts Full call number Barcode Date last seen Copy number Price effective from Koha item type
    Dewey Decimal Classification     London London Journal article 09/11/2009   L148783 148783-1001 06/08/2019 1 06/08/2019 Journal article